00422nam a2200133Ia 4500003000400000008004100004040001600045082001700061100003000078245009500108260006900203300001100272490000500283GCL140319s9999 xx 000 0 ara d aGCL / cGCL04a347.05bان1 aاحمد ابوالوفا10aنظرية الاحكام فى قانون المرافعات / cاحمد ابوالوفا a[S.N] : bمنشاة المعارف الاسلامية ، c1989 a919 ص a